Asian East Coast - Statistics

General Stats
  • This quiz has been taken 115 times
  • The average score is 7 of 9
Answer Stats
Answer % Correct
Russia
99%
North Korea
95%
South Korea
93%
China
79%
Vietnam
77%
Cambodia
74%
Thailand
73%
Malaysia
72%
North Korea
69%
No matching quizzes found
Score Distribution
Percent of People with Each Score
Percentile by Number Answered
Your Score History
You have not taken this quiz